[Event "EU-Cup 39th"]
[Site "Vrnjacka Banja"]
[Date "2024.10.25"]
[Round "6.4"]
[White "Asllani, Muhamet"]
[Black "Mainusch, Martin"]
[Result "0-1"]
[WhiteElo "2136"]
[BlackElo "2067"]
[PlyCount "140"]
[EventDate "2024.10.20"]
[EventType "team-swiss"]
[EventRounds "7"]
[EventCountry "SRB"]
[SourceTitle "CB44_2024"]
[Source "Chessbase"]
[SourceDate "2024.10.30"]
[SourceVersion "1"]
[SourceVersionDate "2024.10.30"]
[SourceQuality "1"]
[WhiteTeam "Drejtesia"]
[BlackTeam "Muelheim Nord"]
[WhiteTeamCountry "KOS"]
[BlackTeamCountry "GER"]

1. d4 d5 2. Nf3 Nf6 3. c4 dxc4 4. Nc3 a6 5. a4 Nc6 6. e4 Bg4 7. d5 Na5 8. h3 Bxf3 9. Qxf3 e6 10. dxe6 fxe6 11. Bg5 Qd4 12. Bxf6 Qxf6 13. Qh5+ g6 14. e5 Qxf2+ 15. Kxf2 gxh5 16. Ne4 Bg7 17. Be2 0-0+ 18. Nf6+ Bxf6 19. exf6 Rxf6+ 20. Ke3 Rd8 21. Rad1 Rd6 22. Bxh5 b5 23. Bf3 Nb3 24. Be4 Nc5 25. Bc2 Rf8 26. Rd4 Rxd4 27. Kxd4 Nd3 28. Kc3 Rf2 29. b3 b4+ 30. Kxc4 Rxc2+ 31. Kxd3 Rc3+ 32. Kd4 c5+ 33. Ke5 Rxb3 34. Rd1 Kf7 35. Rd7+ Kg6 36. Ra7 Re3+ 37. Kf4 Ra3 38. Rxa6 b3 39. Ke5 c4 40. Rxe6+ Kf7 41. Rf6+ Kg7 42. Rf3 b2 43. Rxa3 b1Q 44. Kd4 Qb4 45. Rc3 Qxa4 46. g4 Qd1+ 47. Kxc4 Qe2+ 48. Kd4 Kf6 49. Rc6+ Kg5 50. Rc5+ Kf4 51. Rf5+ Kg3 52. Rh5 Qe7 53. Kd5 Qf7+ 54. Ke5 Qg6 55. Kd5 h6 56. Ke5 Kf3 57. Rf5+ Kg2 58. Rh5 Kg3 59. Kd5 Qf6 60. Ke4 Qe6+ 61. Kd4 Qd6+ 62. Ke4 Kf2 63. Rf5+ Ke2 64. Rh5 Qe6+ 65. Re5 Qg6+ 66. Kf4+ Kf2 67. Rh5 Qe6 68. h4 Qf6+ 69. Ke4 Kg3 70. Rd5 Kxh4 0-1

[Event "EU-Cup 39th"]
[Site "Vrnjacka Banja"]
[Date "2024.10.24"]
[Round "5.4"]
[White "Hove, Esben Kjems"]
[Black "Mainusch, Martin"]
[Result "1-0"]
[WhiteElo "2297"]
[BlackElo "2067"]
[PlyCount "103"]
[EventDate "2024.10.20"]
[EventType "team-swiss"]
[EventRounds "7"]
[EventCountry "SRB"]
[SourceTitle "CB44_2024"]
[Source "Chessbase"]
[SourceDate "2024.10.30"]
[SourceVersion "1"]
[SourceVersionDate "2024.10.30"]
[SourceQuality "1"]
[WhiteTeam "Nordkalotten"]
[BlackTeam "Muelheim Nord"]
[WhiteTeamCountry "NOR"]
[BlackTeamCountry "GER"]

1. d4 d5 2. Nf3 Nf6 3. e3 e6 4. Be2 Be7 5. 0-0 0-0 6. Nbd2 b6 7. b3 Bb7 8. Bb2 Nbd7 9. c4 c5 10. cxd5 exd5 11. dxc5 bxc5 12. Qc2 a5 13. Rfd1 Qb6 14. Ne5 Nxe5 15. Bxe5 Nd7 16. Bb2 Bf6 17. Bxf6 Nxf6 18. Rac1 Rac8 19. Bf3 Rfe8 20. Qf5 Bc6 21. Qf4 Qa7 22. h3 a4 23. Rc2 axb3 24. axb3 Ba8 25. Rdc1 Rc7 26. g4 Rec8 27. g5 Nd7 28. Bg4 Qb6 29. h4 Re8 30. Bxd7 Rxd7 31. Rxc5 d4 32. e4 d3 33. h5 h6 34. gxh6 Qxh6 35. Qxh6 gxh6 36. f3 Kh7 37. Kf2 Rg8 38. Rc7 Rxc7 39. Rxc7 Kg7 40. Ke3 Kf6 41. Kxd3 Kg5 42. Rxf7 Kxh5 43. Ke3 Kg6 44. Ra7 h5 45. Kf4 Rh8 46. Ra6+ Kf7 47. Nc4 h4 48. Ne5+ Kg7 49. Kg5 Re8 50. Ra7+ Kg8 51. Ng4 Kf8 52. Nf6 1-0

[Event "EU-Cup 39th"]
[Site "Vrnjacka Banja"]
[Date "2024.10.20"]
[Round "1.4"]
[White "Mainusch, Martin"]
[Black "Tomic, Aleksandar1"]
[Result "0-1"]
[WhiteElo "2067"]
[BlackElo "2314"]
[PlyCount "144"]
[EventDate "2024.10.20"]
[EventType "team-swiss"]
[EventRounds "7"]
[EventCountry "SRB"]
[SourceTitle "CB44_2024"]
[Source "Chessbase"]
[SourceDate "2024.10.30"]
[SourceVersion "1"]
[SourceVersionDate "2024.10.30"]
[SourceQuality "1"]
[WhiteTeam "Muelheim Nord"]
[BlackTeam "Elektroprivreda"]
[WhiteTeamCountry "GER"]
[BlackTeamCountry "MNE"]

1. d4 Nf6 2. Nf3 d5 3. c4 e6 4. e3 c5 5. a3 dxc4 6. Bxc4 a6 7. 0-0 b5 8. Be2 Bb7 9. dxc5 Qxd1 10. Rxd1 Bxc5 11. b4 Be7 12. Bb2 Nbd7 13. Nbd2 0-0 14. Rac1 Rfc8 15. Ne5 Nb6 16. Bf3 Bxf3 17. Ndxf3 Ne4 18. Nc6 Bf8 19. Na5 f6 20. Rxc8 Rxc8 21. Rc1 Rxc1+ 22. Bxc1 e5 23. Kf1 Kf7 24. Ne1 Nc3 25. Bb2 Nca4 26. Ba1 Bd6 27. e4 Bc7 28. Nb3 Nc4 29. Nc2 Bb6 30. Ke2 Kg6 31. f3 Kh5 32. Nd2 Nxd2 33. Kxd2 Bg1 34. h3 Kh4 35. Ke2 Kg3 36. Kf1 Bb6 37. Ne1 g5 38. Nd3 Ba7 39. Nc1 Be3 40. Ne2+ Kh2 41. Bc3 Nxc3 42. Nxc3 Bc1 43. Nd5 Bxa3 44. Nxf6 Bxb4 45. Ng4+ Kg3 46. Nxe5 Bd6 47. Nd3 a5 48. e5 Bf8 49. Ke2 a4 50. Kd2 b4 51. e6 Kxg2 52. f4 gxf4 53. Nxf4+ Kg3 54. Nd5 a3 55. Kc2 a2 56. Kb2 b3 57. e7 Bg7+ 58. Kxb3 a1Q 59. e8Q Qd1+ 60. Kb4 Qd4+ 61. Ka3 Qxd5 62. Qe1+ Kxh3 63. Qf1+ Kh4 64. Qf4+ Kh5 65. Qh2+ Kg6 66. Qg3+ Kf7 67. Qf4+ Bf6 68. Qc7+ Be7+ 69. Kb2 Qd4+ 70. Kc2 h5 71. Qg3 Qg4 72. Qb3+ Kg7 0-1

[Event "Oberliga NRW 2324"]
[Site "Germany"]
[Date "2024.03.10"]
[Round "7.4"]
[White "Mainusch, Martin"]
[Black "Meyer, Armin"]
[Result "1/2-1/2"]
[WhiteElo "2075"]
[BlackElo "2190"]
[PlyCount "36"]
[EventDate "2023.09.03"]
[EventType "team-tourn"]
[EventRounds "9"]
[EventCountry "GER"]
[SourceTitle "EXT 2025"]
[Source "ChessBase"]
[SourceDate "2024.10.14"]
[SourceVersion "1"]
[SourceVersionDate "2024.10.14"]
[SourceQuality "1"]
[WhiteTeam "Muelheim Nord III"]
[BlackTeam "Essen Katernberg II"]
[WhiteTeamCountry "GER"]
[BlackTeamCountry "GER"]

1. c4 c5 2. g3 g6 3. Bg2 Bg7 4. Nc3 Nc6 5. Nf3 d6 6. 0-0 Bf5 7. d3 Qd7 8. Be3 Nd4 9. Bxd4 cxd4 10. Nb5 e5 11. Qa4 Ke7 12. Qb4 Nh6 13. c5 Rhd8 14. Nxd6 Rab8 15. Nc4 Qc7 16. Nfd2 Bf8 17. Rac1 Kf6 18. Qa4 Bxc5 1/2-1/2

[Event "Oberliga NRW 2122"]
[Site "Germany"]
[Date "2021.12.12"]
[Round "3.8"]
[White "Demin, Wladimir"]
[Black "Mainusch, Martin"]
[Result "0-1"]
[WhiteElo "1867"]
[BlackElo "2060"]
[PlyCount "84"]
[EventDate "2021.10.31"]
[EventType "team-tourn"]
[EventRounds "9"]
[EventCountry "GER"]
[SourceTitle "EXT 2023"]
[Source "ChessBase"]
[SourceDate "2022.10.05"]
[SourceVersion "1"]
[SourceVersionDate "2022.10.05"]
[SourceQuality "1"]
[WhiteTeam "Letmathe"]
[BlackTeam "Muelheim Nord II"]
[WhiteTeamCountry "GER"]
[BlackTeamCountry "GER"]

1. d4 Nf6 2. Nf3 g6 3. g3 Bg7 4. Bg2 0-0 5. 0-0 c6 6. c3 d6 7. Re1 Bg4 8. h3 Bxf3 9. Bxf3 Nbd7 10. e4 e5 11. d5 cxd5 12. exd5 Ne8 13. Nd2 f5 14. Nb3 Nb6 15. Na5 Qc7 16. Be3 Nc4 17. Nxc4 Qxc4 18. Be2 Qc8 19. Rc1 Nf6 20. Bf1 Nh5 21. c4 f4 22. gxf4 Nxf4 23. Qg4 Rf5 24. Bxf4 Rxf4 25. Qxc8+ Rxc8 26. b4 b6 27. Bd3 Rd4 28. Bf1 Bh6 29. Rcd1 Rf4 30. a4 Rcf8 31. c5 bxc5 32. bxc5 dxc5 33. Rxe5 Bg7 34. Re7 Bd4 35. Rxd4 Rxd4 36. Bg2 Rd1+ 37. Kh2 Rxf2 38. Kg3 Rfd2 39. Rxa7 Rg1 40. d6 Rdxg2+ 41. Kf4 Rd2 42. Ra6 Kf7 0-1

[Event "Ruhrgebiet Regionalliga 1819"]
[Site "Nordrheinwestfalen"]
[Date "2018.11.11"]
[Round "4.5"]
[White "Gerst, Michael"]
[Black "Mainusch, Martin"]
[Result "1/2-1/2"]
[WhiteElo "1933"]
[BlackElo "1948"]
[PlyCount "31"]
[EventDate "2018.09.02"]
[EventType "team-tourn"]
[EventRounds "11"]
[EventCountry "GER"]
[SourceTitle "EXT 2022"]
[Source "ChessBase"]
[SourceDate "2021.10.06"]
[SourceVersion "1"]
[SourceVersionDate "2021.10.06"]
[SourceQuality "1"]
[WhiteTeam "Oberhausen SV II"]
[BlackTeam "Muelheim Nord III"]
[WhiteTeamCountry "GER"]
[BlackTeamCountry "GER"]

1. d4 Nf6 2. c4 g6 3. Nc3 Bg7 4. g3 0-0 5. Bg2 d6 6. Nf3 c6 7. 0-0 Qa5 8. e4 e5 9. dxe5 dxe5 10. Qe2 Bg4 11. Rd1 Nbd7 12. a3 Qc7 13. Be3 Rfe8 14. h3 Bxf3 15. Bxf3 Nf8 16. Qc2 1/2-1/2

[Event "Ruhrgebiet Verbandsliga Gruppe 2 1718"]
[Site "Germany"]
[Date "2018.04.29"]
[Round "9.6"]
[White "Melmer, Felix"]
[Black "Mainusch, Martin"]
[Result "1/2-1/2"]
[WhiteElo "1851"]
[BlackElo "1948"]
[PlyCount "57"]
[EventDate "2017.09.17"]
[EventType "team-tourn"]
[EventRounds "9"]
[EventCountry "GER"]
[SourceTitle "EXT 2022"]
[Source "ChessBase"]
[SourceDate "2021.10.06"]
[SourceVersion "1"]
[SourceVersionDate "2021.10.06"]
[SourceQuality "1"]
[WhiteTeam "Gerthe Werne"]
[BlackTeam "Muelheim Nord III"]
[WhiteTeamCountry "GER"]
[BlackTeamCountry "GER"]

1. f4 b6 2. e4 Bb7 3. Nc3 e6 4. Nf3 Bb4 5. d3 Bxc3+ 6. bxc3 Nc6 7. d4 d5 8. e5 Qe7 9. a4 f6 10. Bb5 0-0-0 11. Qe2 f5 12. Ba3 Qf7 13. Bb4 a5 14. Ba3 h6 15. Rb1 Nge7 16. Ba6 Rhg8 17. Nd2 g5 18. Bxb7+ Kxb7 19. Nb3 Kc8 20. Rf1 gxf4 21. Rxf4 Ng6 22. Rf2 Nb8 23. Nxa5 Qd7 24. Nb3 Qxa4 25. Bc1 Qc6 26. Bxh6 Qxc3+ 27. Qd2 Qxd2+ 28. Nxd2 Rh8 29. Bg5 1/2-1/2

[Event "Ruhrgebiet Verbandsliga Gruppe 2 1718"]
[Site "Germany"]
[Date "2017.12.03"]
[Round "4.6"]
[White "Jochmann, Christian"]
[Black "Mainusch, Martin"]
[Result "1-0"]
[WhiteElo "1821"]
[BlackElo "1978"]
[PlyCount "51"]
[EventDate "2017.09.17"]
[EventType "team-tourn"]
[EventRounds "9"]
[EventCountry "GER"]
[SourceTitle "EXT 2022"]
[Source "ChessBase"]
[SourceDate "2021.10.06"]
[SourceVersion "1"]
[SourceVersionDate "2021.10.06"]
[SourceQuality "1"]
[WhiteTeam "Brambauer"]
[BlackTeam "Muelheim Nord III"]
[WhiteTeamCountry "GER"]
[BlackTeamCountry "GER"]

1. e4 e6 2. d4 d5 3. Nd2 Nf6 4. e5 Nfd7 5. Bd3 c5 6. c3 b6 7. Ne2 Ba6 8. Bxa6 Nxa6 9. 0-0 Be7 10. Nf4 0-0 11. Qg4 Kh8 12. Nf3 Nc7 13. h4 cxd4 14. cxd4 f5 15. Qh5 Qe8 16. Qxe8 Rfxe8 17. Bd2 Nf8 18. Rac1 Na6 19. Rc6 Rac8 20. Rfc1 Rxc6 21. Rxc6 Bd8 22. Rc8 Nc7 23. Bb4 Ng6 24. Nxg6+ hxg6 25. Bd6 Nb5 26. Be7 1-0

[Event "Ruhrgebiet Regionalliga 1617"]
[Site "Germany"]
[Date "2017.05.07"]
[Round "9.5"]
[White "Mainusch, Martin"]
[Black "Busche, Klaus"]
[Result "1-0"]
[WhiteElo "1978"]
[BlackElo "1912"]
[PlyCount "167"]
[EventDate "2016.09.11"]
[EventType "team-tourn"]
[EventRounds "9"]
[EventCountry "GER"]
[SourceTitle "EXT 2022"]
[Source "ChessBase"]
[SourceDate "2021.10.06"]
[SourceVersion "1"]
[SourceVersionDate "2021.10.06"]
[SourceQuality "1"]
[WhiteTeam "Muelheim Nord III"]
[BlackTeam "Ahlen SV"]
[WhiteTeamCountry "GER"]
[BlackTeamCountry "GER"]

1. Nf3 d5 2. g3 Nc6 3. b3 e5 4. Bb2 e4 5. Nd4 Nxd4 6. Bxd4 Nf6 7. Bg2 Be7 8. d3 0-0 9. 0-0 c6 10. Nd2 Bf5 11. Rc1 exd3 12. cxd3 Re8 13. Nf3 Nd7 14. Re1 Bf6 15. Qd2 Bg4 16. Qf4 Bxf3 17. Bxf6 Qxf6 18. Qxf6 Nxf6 19. Bxf3 Re7 20. b4 g5 21. h3 a6 22. a4 h5 23. b5 axb5 24. axb5 g4 25. hxg4 hxg4 26. Bg2 Re6 27. bxc6 bxc6 28. Rc2 Rb8 29. Rec1 Rb6 30. e3 Kg7 31. Ra2 Nd7 32. Ra4 Ne5 33. Rd4 Rb3 34. Rd1 Rh6 35. e4 Rb8 36. exd5 c5 37. Re4 f6 38. Kf1 Kf7 39. Ra4 Rb2 40. Ra7+ Ke8 41. Rg7 Kf8 42. Rc7 f5 43. Ra1 Rhb6 44. Ra8+ Rb8 45. Rxb8+ Rxb8 46. Rxc5 Ke7 47. Ke2 Rb3 48. d4 Rb2+ 49. Ke3 Rb3+ 50. Kd2 Rd3+ 51. Ke2 Rxd4 52. Ra5 Rb4 53. Ra7+ Kd6 54. Ra6+ Kc5 55. Ke3 Nf3 56. Rc6+ Kxd5 57. Bxf3+ gxf3 58. Rc3 Ke5 59. Kxf3 Ra4 60. Rc5+ Kf6 61. Kg2 Ra6 62. Kh3 Kg6 63. Kh4 Rb6 64. f4 Ra6 65. Rc8 Rb6 66. Rg8+ Kh6 67. Rg5 Rf6 68. Kh3 Rf7 69. Kg2 Rf6 70. Kf3 Rf7 71. Ke3 Rf6 72. Kd4 Rf7 73. Ke5 Rf8 74. Ke6 Ra8 75. Kxf5 Ra5+ 76. Kg4 Rxg5+ 77. fxg5+ Kg6 78. Kh4 Kg7 79. Kh5 Kh7 80. g6+ Kg7 81. Kg5 Kg8 82. Kh6 Kh8 83. g7+ Kg8 84. g4 1-0

[Event "Ruhrgebiet Regionalliga 1617"]
[Site "Germany"]
[Date "2016.11.06"]
[Round "3.4"]
[White "Mainusch, Martin"]
[Black "Kemna, Guido"]
[Result "1-0"]
[WhiteElo "1963"]
[BlackElo "2150"]
[PlyCount "73"]
[EventDate "2016.09.11"]
[EventType "team-tourn"]
[EventRounds "9"]
[EventCountry "GER"]
[SourceTitle "EXT 2022"]
[Source "ChessBase"]
[SourceDate "2021.10.06"]
[SourceVersion "1"]
[SourceVersionDate "2021.10.06"]
[SourceQuality "1"]
[WhiteTeam "Muelheim Nord III"]
[BlackTeam "Welper SV"]
[WhiteTeamCountry "GER"]
[BlackTeamCountry "GER"]

1. Nf3 d5 2. g3 Nf6 3. Bg2 e6 4. d3 Be7 5. Nbd2 0-0 6. e4 c5 7. 0-0 Nc6 8. Re1 Qc7 9. e5 Nd7 10. Qe2 b6 11. h4 Ba6 12. c3 Rac8 13. Nf1 b5 14. a4 b4 15. Bf4 bxc3 16. bxc3 Rb8 17. Ng5 h6 18. Nf3 Rb3 19. c4 dxc4 20. dxc4 Na5 21. N3d2 Rb4 22. Qg4 Rc8 23. Bxh6 Bf8 24. Bf4 Nxc4 25. Nxc4 Bxc4 26. Be4 Qb6 27. Ne3 f5 28. Nxf5 exf5 29. Qxf5 Qe6 30. Qh7+ Kf7 31. Bf5 Qc6 32. e6+ Bxe6 33. Bxe6+ Qxe6 34. Rxe6 Kxe6 35. Re1+ Kd5 36. Qf5+ Kc6 37. Qe6+ 1-0

[Event "Ruhrgebiet Regionalliga 1415"]
[Site "Germany"]
[Date "2014.12.21"]
[Round "4.5"]
[White "Dukic, Dalibor"]
[Black "Mainusch, Martin"]
[Result "1/2-1/2"]
[WhiteElo "2006"]
[BlackElo "1985"]
[PlyCount "67"]
[EventDate "2014.09.28"]
[EventType "team-tourn"]
[EventRounds "9"]
[EventCountry "GER"]
[SourceTitle "EXT 2022"]
[Source "ChessBase"]
[SourceDate "2021.10.06"]
[SourceVersion "1"]
[SourceVersionDate "2021.10.06"]
[SourceQuality "1"]
[WhiteTeam "Hamm SV"]
[BlackTeam "Muelheim Nord III"]
[WhiteTeamCountry "GER"]
[BlackTeamCountry "GER"]

1. c4 Nf6 2. Nf3 g6 3. d4 Bg7 4. Nc3 0-0 5. Bg5 c5 6. d5 h6 7. Bf4 d6 8. h3 Re8 9. e3 Qb6 10. Rb1 e6 11. dxe6 Bxe6 12. Be2 Nc6 13. 0-0 Na5 14. Na4 Qc6 15. b3 Rad8 16. Qe1 b6 17. Nc3 Ne4 18. Nxe4 Qxe4 19. Rd1 Qc6 20. Nd2 d5 21. Bf3 Qc8 22. cxd5 Bxd5 23. Qe2 Bxf3 24. Qxf3 Qe6 25. Qe2 Rd7 26. Nf3 Red8 27. Rxd7 Qxd7 28. Rc1 Nc6 29. a3 Qd3 30. Qa2 Qd5 31. Qc2 Ne5 32. Bxe5 Bxe5 33. Nxe5 Qxe5 34. b4 1/2-1/2

[Event "Ruhrgebiet Regionalliga 1415"]
[Site "Germany"]
[Date "2014.10.26"]
[Round "2.6"]
[White "Mainusch, Martin"]
[Black "Strathoff, Martin"]
[Result "1/2-1/2"]
[WhiteElo "1985"]
[BlackElo "2049"]
[PlyCount "72"]
[EventDate "2014.09.28"]
[EventType "team-tourn"]
[EventRounds "9"]
[EventCountry "GER"]
[SourceTitle "EXT 2022"]
[Source "ChessBase"]
[SourceDate "2021.10.06"]
[SourceVersion "1"]
[SourceVersionDate "2021.10.06"]
[SourceQuality "1"]
[WhiteTeam "Muelheim Nord III"]
[BlackTeam "Brackel SF"]
[WhiteTeamCountry "GER"]
[BlackTeamCountry "GER"]

1. Nf3 d5 2. g3 Nf6 3. Bg2 c6 4. 0-0 h6 5. d3 Bf5 6. Be3 Nbd7 7. c4 e6 8. Qb3 Qc7 9. Rc1 dxc4 10. Qxc4 Ng4 11. Bd2 Qb6 12. d4 Qxb2 13. Qc3 Qb5 14. Re1 Ngf6 15. a4 Qa6 16. Ne5 Nxe5 17. dxe5 Ne4 18. Bxe4 Bxe4 19. Be3 0-0-0 20. Nd2 Bg6 21. Nb3 Rd5 22. Rad1 Be7 23. Rxd5 exd5 24. Qd4 Kb8 25. e6 Bf6 26. Bf4+ Ka8 27. Be5 Bxe5 28. Qxe5 f6 29. Qc7 Rg8 30. e7 Qb6 31. Qd7 Kb8 32. e4 Qc7 33. Qe6 Qc8 34. Qd6+ Qc7 35. Qe6 Qc8 36. Qd6+ Qc7 1/2-1/2

[Event "Ruhrgebiet Regionalliga 1314"]
[Site "Ruhrgebiet"]
[Date "2013.11.10"]
[Round "3.4"]
[White "Himmel, Hansjoerg"]
[Black "Mainusch, Martin"]
[Result "1/2-1/2"]
[WhiteElo "2124"]
[BlackElo "1971"]
[PlyCount "80"]
[EventDate "2013.09.22"]
[EventType "team-tourn"]
[EventRounds "9"]
[EventCountry "GER"]
[SourceTitle "EXT 2024"]
[Source "ChessBase"]
[SourceDate "2023.10.10"]
[SourceVersion "1"]
[SourceVersionDate "2023.10.10"]
[SourceQuality "1"]
[WhiteTeam "Kamen"]
[BlackTeam "Muelheim Nord III"]
[WhiteTeamCountry "GER"]
[BlackTeamCountry "GER"]

1. e4 e6 2. d4 d5 3. Nd2 Nf6 4. e5 Nfd7 5. Ngf3 c5 6. c3 b6 7. a4 cxd4 8. cxd4 Nc6 9. Bb5 Nb4 10. 0-0 a5 11. Nb1 Be7 12. Ra3 0-0 13. Re3 Ba6 14. Nc3 Nb8 15. Ne1 N8c6 16. Rh3 g6 17. Bh6 Re8 18. Qd2 f6 19. Bg7 g5 20. exf6 Bxf6 21. Bxf6 Qxf6 22. Nf3 h6 23. Ne5 Bxb5 24. Nxb5 Nxe5 25. dxe5 Qg7 26. f4 Rf8 27. Nd4 Rae8 28. f5 exf5 29. Nxf5 Qxe5 30. Nxh6+ Kg7 31. Rxf8 Rxf8 32. Ng4 Qf4 33. Ne3 d4 34. Rf3 dxe3 35. Qc3+ Rf6 36. Rxf4 gxf4 37. Kf1 Kg6 38. Qc8 Rc6 39. Qg4+ Kf7 40. Qf5+ Ke7 1/2-1/2

[Event "Ruhrgebiet Verbandsliga2 1213"]
[Site "Nordrheinwestfalen"]
[Date "2012.09.30"]
[Round "2.5"]
[White "Berghaus, Matthias"]
[Black "Mainusch, Martin"]
[Result "0-1"]
[WhiteElo "1942"]
[BlackElo "1971"]
[PlyCount "54"]
[EventDate "2012.09.02"]
[EventType "team-tourn"]
[EventRounds "9"]
[EventCountry "GER"]
[SourceTitle "EXT 2020"]
[Source "ChessBase"]
[SourceDate "2019.10.17"]
[SourceVersion "1"]
[SourceVersionDate "2019.10.17"]
[SourceQuality "1"]
[WhiteTeam "Gerthe Werne"]
[BlackTeam "Muelheim Nord III"]
[WhiteTeamCountry "GER"]
[BlackTeamCountry "GER"]

1. c4 Nf6 2. Nc3 g6 3. Nf3 Bg7 4. g3 0-0 5. Bg2 d6 6. d4 c6 7. 0-0 Qa5 8. d5 cxd5 9. cxd5 b5 10. Nd4 b4 11. Ne4 Nxe4 12. Bxe4 Bb7 13. Be3 Na6 14. Nb3 Qb5 15. Bd4 e5 16. dxe6 Bxe4 17. Bxg7 Kxg7 18. e7 Rfe8 19. Qxd6 Bb7 20. e4 Qc6 21. Qd4+ Qf6 22. Qd3 Qxe7 23. Rae1 Kg8 24. Na5 Nc5 25. Qe3 Ba6 26. Rc1 Bxf1 27. Rxc5 Bh3 0-1

[Event "Ruhrgebiet Verbandsliga1 1112"]
[Site "Nordrheinwestfalen"]
[Date "2012.02.12"]
[Round "6.4"]
[White "Mainusch, Martin"]
[Black "Renk, Christoph"]
[Result "1/2-1/2"]
[WhiteElo "1973"]
[BlackElo "1980"]
[PlyCount "85"]
[EventDate "2012.09.18"]
[EventType "team-tourn"]
[EventRounds "9"]
[EventCountry "GER"]
[SourceTitle "EXT 2020"]
[Source "ChessBase"]
[SourceDate "2019.10.17"]
[SourceVersion "1"]
[SourceVersionDate "2019.10.17"]
[SourceQuality "1"]
[WhiteTeam "Muelheim Nord III"]
[BlackTeam "Buer SF"]
[WhiteTeamCountry "GER"]
[BlackTeamCountry "GER"]

1. Nf3 c5 2. g3 b6 3. Bg2 Bb7 4. b3 Nf6 5. Bb2 e6 6. c4 Be7 7. 0-0 0-0 8. Nc3 a6 9. d4 cxd4 10. Qxd4 Nc6 11. Qf4 Qb8 12. Qxb8 Raxb8 13. Rfd1 Rfc8 14. Rd2 Ba8 15. e4 Bb4 16. Re1 Ne7 17. e5 Bxc3 18. Bxc3 Ne4 19. Rxd7 Nxc3 20. Rxe7 Rb7 21. Rxb7 Bxb7 22. a4 Rd8 23. Ng5 Bxg2 24. Kxg2 Rd3 25. Re3 Rxe3 26. fxe3 h6 27. Nf3 Ne4 28. Nd4 Nc5 29. Kf3 Kf8 30. Ke2 Ke8 31. Kd2 Kd7 32. Kc3 Kc7 33. b4 Nd7 34. Nf3 a5 35. h3 Kb7 36. Kb3 Kc7 37. g4 Kb7 38. h4 Kc7 39. g5 hxg5 40. hxg5 g6 41. Kc3 Kb7 42. Kb3 Kc7 43. Kc3 1/2-1/2

[Event "Ruhrgebiet Verbandsliga1 1112"]
[Site "Nordrheinwestfalen"]
[Date "2011.09.18"]
[Round "1.6"]
[White "Mainusch, Martin"]
[Black "Mueller, Falk"]
[Result "0-1"]
[WhiteElo "1973"]
[BlackElo "1990"]
[PlyCount "73"]
[EventDate "2012.09.18"]
[EventType "team-tourn"]
[EventRounds "9"]
[EventCountry "GER"]
[SourceTitle "EXT 2020"]
[Source "ChessBase"]
[SourceDate "2019.10.17"]
[SourceVersion "1"]
[SourceVersionDate "2019.10.17"]
[SourceQuality "1"]
[WhiteTeam "Muelheim Nord III"]
[BlackTeam "Gerthe Werne"]
[WhiteTeamCountry "GER"]
[BlackTeamCountry "GER"]

1. Nf3 d5 2. g3 Nf6 3. Bg2 g6 4. b3 Bg7 5. Bb2 c5 6. d4 0-0 7. 0-0 cxd4 8. Nxd4 Re8 9. Nd2 e5 10. Nb5 a6 11. Na3 Nc6 12. c4 d4 13. c5 Be6 14. Nac4 Bd5 15. Bxd5 Nxd5 16. Nd6 Re7 17. a3 b6 18. b4 bxc5 19. bxc5 Rb8 20. N2c4 Na5 21. Qa4 Nxc4 22. Qxc4 Nc7 23. Bc1 Re6 24. a4 Qd7 25. Ba3 Qc6 26. Rfc1 e4 27. Rab1 Rxb1 28. Rxb1 Be5 29. Rb6 Qd5 30. Rb8+ Kg7 31. Ne8+ Kh6 32. Qc1+ e3 33. fxe3 dxe3 34. Qxe3+ g5 35. Nxc7 Qd1+ 36. Kg2 Bxc7 37. Rb4 0-1

[Event "Ruhrgebiet Verbandsliga2 1011"]
[Site "Nordrheinwestfalen"]
[Date "2011.03.20"]
[Round "8.4"]
[White "Mainusch, Martin"]
[Black "Kucheyda, Joerg"]
[Result "0-1"]
[WhiteElo "1978"]
[BlackElo "2042"]
[PlyCount "84"]
[EventDate "2010.09.12"]
[EventType "team-tourn"]
[EventRounds "9"]
[EventCountry "GER"]
[SourceTitle "EXT 2020"]
[Source "ChessBase"]
[SourceDate "2019.10.17"]
[SourceVersion "1"]
[SourceVersionDate "2019.10.17"]
[SourceQuality "1"]
[WhiteTeam "Muelheim Nord III"]
[BlackTeam "Gladbeck SG"]
[WhiteTeamCountry "GER"]
[BlackTeamCountry "GER"]

1. Nf3 d5 2. g3 Nf6 3. Bg2 Nbd7 4. d4 c6 5. 0-0 g6 6. b3 Bg7 7. Bb2 0-0 8. c4 e6 9. Nbd2 Re8 10. Re1 Ne4 11. Nxe4 dxe4 12. Ne5 f5 13. f3 Nxe5 14. dxe5 Qc7 15. fxe4 Bxe5 16. Qc2 f4 17. gxf4 Bxf4 18. Qc3 e5 19. Rf1 Bh6 20. Bh3 Qe7 21. Bxc8 Raxc8 22. Qg3 Qg5 23. Qxg5 Bxg5 24. Rad1 Rcd8 25. Rxd8 Rxd8 26. Bxe5 Rd2 27. Kf2 Rxa2 28. Rd1 Rd2 29. Rg1 Bh6 30. Rg3 Bg7 31. Bf4 Rd7 32. Rd3 Rf7 33. Ke3 h6 34. e5 g5 35. Bg3 h5 36. Ke4 h4 37. Rd8+ Kh7 38. Be1 Rf4+ 39. Ke3 Bxe5 40. Rd7+ Kg6 41. Rxb7 Rf1 42. Re7 Bf4+ 0-1

[Event "Ruhrgebiet VK1 0910"]
[Site "Ruhrgebiet"]
[Date "2010.02.07"]
[Round "6.6"]
[White "Mainusch, Martin"]
[Black "Muehlbradt, Alexander"]
[Result "0-1"]
[WhiteElo "2116"]
[BlackElo "1800"]
[PlyCount "96"]
[EventDate "2009.09.06"]
[EventType "team"]
[EventRounds "9"]
[EventCountry "GER"]
[SourceTitle "EXT 2011"]
[Source "ChessBase"]
[SourceDate "2010.11.26"]
[SourceVersion "1"]
[SourceVersionDate "2010.11.26"]
[SourceQuality "1"]
[WhiteTeam "Muelheim Nord III"]
[BlackTeam "Essen Ueberruhr II"]
[WhiteTeamCountry "GER"]
[BlackTeamCountry "GER"]

1. Nf3 d5 2. g3 Nf6 3. Bg2 Bf5 4. 0-0 c5 5. d3 Nc6 6. c3 h6 7. Nbd2 Qd7 8. Re1 Rd8 9. a3 e5 10. Qa4 Be6 11. e4 d4 12. c4 Bd6 13. Rb1 0-0 14. b4 b6 15. Nf1 Ne7 16. Qa6 Qc7 17. bxc5 Bxc5 18. Qa4 Nd7 19. Nh4 f5 20. exf5 Nxf5 21. Nxf5 Bxf5 22. Qb3 Bd6 23. c5+ Kh8 24. cxd6 Qxd6 25. Be4 Nc5 26. Qb5 Qf6 27. f4 exf4 28. Bxf4 Bxe4 29. dxe4 g5 30. e5 Qf5 31. e6 gxf4 32. e7 fxg3 33. exf8Q+ Rxf8 34. Qe2 Qf2+ 35. Qxf2 gxf2+ 36. Kg2 fxe1Q 37. Rxe1 Kg7 38. Ng3 d3 39. Re7+ Kf6 40. Re1 Rd8 41. Kf3 Rd4 42. Ke3 Rh4 43. Rf1+ Ke6 44. Rf2 Ra4 45. Nf5 Re4+ 46. Kd2 Rg4 47. Ke3 d2 48. Rf1 d1Q 0-1